000 00529nam a2200193Ia 4500
003 OSt
005 20200911115005.0
008 190216s9999||||xx |||||||||||||| ||und||
020 _a9788121917230
040 _coclc
082 _a621.381
_bMEH/P
100 _aMehta, V K
_94544
245 0 _aPrinciples Of Electronics /
_cV K Mehta
250 _a8th Ed.
260 _bS Chand & Company,
_c2003.
_aNew Delhi:
300 _a587p
650 _aPhysics
942 _cBK
_2ddc
_h621.381
_iMEH/P
_k621.381
_mMEH/P
999 _c33662
_d33662